Environmental engineering (Record no. 5357)

000 -LEADER
fixed length control field 00678nam a2200241 4500
001 - CONTROL NUMBER
control field 5357
003 - CONTROL NUMBER IDENTIFIER
control field BD-DhUET
008 - FIXED-LENGTH DATA ELEMENTS--GENERAL INFORMATION
fixed length control field 141126b xxu||||| |||| 00| 0 eng d
020 ## - INTERNATIONAL STANDARD BOOK NUMBER
International Standard Book Number 0071002316
040 ## - CATALOGING SOURCE
Transcribing agency 0
Modifying agency BD-DhUET
082 ## - DEWEY DECIMAL CLASSIFICATION NUMBER
Classification number 628
Item number PEA/1985
100 ## - MAIN ENTRY--PERSONAL NAME
Personal name Peavy, Howard S
245 ## - TITLE STATEMENT
Title Environmental engineering
250 ## - EDITION STATEMENT
Edition statement 1st ed.
260 ## - PUBLICATION, DISTRIBUTION, ETC. (IMPRINT)
Place of publication, distribution, etc. New york
Name of publisher, distributor, etc. McGraw-Hill
Date of publication, distribution, etc. 1985
300 ## - PHYSICAL DESCRIPTION
Extent xiv,699 p.+various paging
Other physical details ill.
490 ## - SERIES STATEMENT
Series statement McGraw-Hill series in water resources and environmental engineering
504 ## - BIBLIOGRAPHY, ETC. NOTE
Bibliography, etc Includes bibliographies
650 #0 - SUBJECT ADDED ENTRY--TOPICAL TERM
Topical term or geographic name as entry element Environmental engineering
700 ## - ADDED ENTRY--PERSONAL NAME
Personal name Rowe, Donald R.
700 ## - ADDED ENTRY--PERSONAL NAME
Personal name Tchobanoglous, George
942 ## - ADDED ENTRY ELEMENTS (KOHA)
Koha item type General Book
Holdings
Price effective from Shelving location Source of classification or shelving scheme Damaged status Koha date last borrowed Koha issues (times borrowed) Location (home branch) Koha full call number Sublocation or collection (holding branch) Not for loan Piece designation (barcode) Koha date last seen Lost status Koha normalized classification for sorting Date acquired Copy number Koha item type Koha renewals Withdrawn status
2014-11-26Circulation section  2023-12-109Central Library, BUET628/PEA/1985Central Library, BUET 818962024-09-08 628PEA19852014-11-261General Book  
2014-11-26Circulation section  2024-03-1610Central Library, BUET628/PEA/1985Central Library, BUET 818952024-06-02 628PEA19852014-11-262General Book  
2015-06-18Reading section    Central Library, BUET628/PEA/1985Central Library, BUET 887882015-06-18 628_000000000000000_PEA_19852015-06-183Reading Item  
2015-06-18Reading section    Central Library, BUET628/PEA/1985Central Library, BUET 875792015-06-18 628_000000000000000_PEA_19852015-06-184Reading Item  
2017-10-31Circulation section  2020-03-162Central Library, BUET628/PEA/1985Central Library, BUET 818942021-11-13 628_000000000000000_PEA_19851991-10-285General Book  
2024-12-01Rental section    Central Library, BUET628 PEA/1985Central Library, BUET 818472024-12-01 628_000000000000000_PEA_19851991-10-28ক-৫১Rental Item  
2024-12-01Rental section    Central Library, BUET628 PEA/1985Central Library, BUET 818742024-12-01 628_000000000000000_PEA_19851991-10-28ক-৭৮Rental Item  
2024-12-01Rental section    Central Library, BUET628 PEA/1985Central Library, BUET 818752024-12-01 628_000000000000000_PEA_19851991-10-28ক-৭৯Rental Item  
2024-12-01Rental section    Central Library, BUET628 PEA/1985Central Library, BUET 818762024-12-01 628_000000000000000_PEA_19851991-10-28ক-৮০Rental Item  
2024-12-01Rental section    Central Library, BUET628 PEA/1985Central Library, BUET 818772024-12-01 628_000000000000000_PEA_19851991-10-28ক-৮১Rental Item  
2024-12-01Rental section    Central Library, BUET628 PEA/1985Central Library, BUET 818782024-12-01 628_000000000000000_PEA_19851991-10-28ক-৮২Rental Item  
2024-12-01Rental section    Central Library, BUET628 PEA/1985Central Library, BUET 818792024-12-01 628_000000000000000_PEA_19851991-10-28ক-৮৩Rental Item  
2024-12-01Rental section    Central Library, BUET628 PEA/1985Central Library, BUET 818802024-12-01 628_000000000000000_PEA_19851991-10-28ক-৮৪Rental Item  
2024-12-01Rental section    Central Library, BUET628 PEA/1985Central Library, BUET 818812024-12-01 628_000000000000000_PEA_19851991-10-28ক-৮৫Rental Item  
2024-12-01Rental section    Central Library, BUET628 PEA/1985Central Library, BUET 818822024-12-01 628_000000000000000_PEA_19851991-10-28ক-৮৬Rental Item  
2024-12-01Rental section    Central Library, BUET628 PEA/1985Central Library, BUET 818832024-12-01 628_000000000000000_PEA_19851991-10-28ক-৮৭Rental Item  
2024-12-01Rental section    Central Library, BUET628 PEA/1985Central Library, BUET 818842024-12-01 628_000000000000000_PEA_19851991-10-28ক-৮৭Rental Item